00618nam a2200181Ia 4500003000900000008004100009020001800050040001600068080001600084100002000100245018600120260004800306300001000354650001300364650001900377650001900396700002100415IN-BaIIA211028s9999 xx 000 0 eng d a0-521-45651-7 cIIA Library a521.81bPAS aPasachhoff, J M 4athe cambridge eclipse photography guidebhow and where to observe and photograph solar and lunar eclipsecJ M Pasachhoff and M A Covington  aCambridgebCambridge University Pressc1993 a135p. aEclipses aLunar eclipses aSolar eclipses aCovington, M. A.